<?xml version="1.0" encoding="UTF-8"?>
<record
    xmlns:xsi="http://www.w3.org/2001/XMLSchema-instance"
    xsi:schemaLocation="http://www.loc.gov/MARC21/slim http://www.loc.gov/standards/marcxml/schema/MARC21slim.xsd"
    xmlns="http://www.loc.gov/MARC21/slim">

  <leader>00370    a2200121   4500</leader>
  <controlfield tag="001">ART_10473</controlfield>
  <controlfield tag="005">20260410161848.0</controlfield>
  <controlfield tag="008">260409a                                 </controlfield>
  <datafield tag="245" ind1="1" ind2="0">
    <subfield code="a">Rentabilidad potencial de la investigaci&#xF3;n ganadera</subfield>
  </datafield>
  <datafield tag="100" ind1="1" ind2=" ">
    <subfield code="a">Pi&#xF1;eiro, Mart&#xED;n E.</subfield>
  </datafield>
  <datafield tag="700" ind1="1" ind2=" ">
    <subfield code="a">Hurtado, Hern&#xE1;n</subfield>
  </datafield>
  <datafield tag="773" ind1="0" ind2=" ">
    <subfield code="t">Econ&#xF3;mica</subfield>
    <subfield code="g">- A&#xF1;o XIX, N&#xBA; 2 (may./ago. 1973)</subfield>
    <subfield code="w">REV7541</subfield>
  </datafield>
  <datafield tag="999" ind1=" " ind2=" ">
    <subfield code="c">24764</subfield>
    <subfield code="d">24764</subfield>
  </datafield>
</record>
